| 000 | 00507nam a2200169 a 4500 | ||
|---|---|---|---|
| 005 | 20210223123700.0 | ||
| 008 | 991125s1966 ea 000 0 eng u | ||
| 035 | _aUPN01000057894 | ||
| 049 | _aCG | ||
| 050 | 4 |
_aLB2329 _bK5.8 |
|
| 100 | 1 |
_aKlotsche, Johannes Martin, _d1907-1995 _935889 |
|
| 245 | 1 | 4 |
_aThe urban university and the future of our cities / _cJ. Martin Klotsche. |
| 260 |
_aNew York : _bHarper & Row, _c1966. |
||
| 300 | _a149 p. | ||
| 650 | 4 |
_aCOMUNIDAD Y UNIVERSIDAD _910254 |
|
| 905 | _aLibro | ||
| 999 |
_c57894 _d57894 |
||